000 00246nam a22001217a 4500
003 SGT
082 _a004.6782,BUY
100 _aBUYYA,RAJKUMAR
245 _aCLOUD COMPUTING
260 _bWILEY PU.
_c2016
300 _a637
942 _2ddc
_cGF BOOKS
999 _c34410
_d34410